000 00649nam a2200217Ia 4500
003 OSt
005 20220928133131.0
006 a|||||r|||| 00| 0
007 ta
008 220927b |||||||| |||| 00| 0 eng d
024 _a57403
037 _cTextual
040 _aSDCL
_cSDCL
_beng
041 _2eng
_aeng
082 _aR391, L2
100 _aTymieniecka Anna-Teresa
_9427419
245 0 _aLate husserl and idea of penomenology
_b Idealism-realism , historicity and nature.
260 _aHoland
_bD-Reidel Publishing Company
_c1972
942 _hR391, L2
_cTEXL
_2CC
999 _c797998
_d797998